Welcome to the Holygrace Academy Library

Please use search bar below to get started

CBSE SAMPLE QUESTION PAPERS BIOLOGY (Record no. 722)

MARC details
000 -LEADER
fixed length control field 00366nam a22001337a 4500
020 ## - INTERNATIONAL STANDARD BOOK NUMBER
ISBN 978-93-5618-412-1
082 ## - DEWEY DECIMAL CLASSIFICATION NUMBER
Classification number 574
Item number VEN/T
100 ## - MAIN ENTRY--AUTHOR NAME
Personal name Dr Mrs.S. VENUGOPAL
245 ## - TITLE STATEMENT
Title CBSE SAMPLE QUESTION PAPERS BIOLOGY
Remainder of title CLASS XII
260 ## - PUBLICATION, DISTRIBUTION, ETC. (IMPRINT)
Place of publication DELHI
Name of publisher RACHNA SAGAR PVT LTD
Year of publication 2022
300 ## - PHYSICAL DESCRIPTION
Number of Pages 124
650 ## - SUBJECT ADDED ENTRY--TOPICAL TERM
Topical Term BIOLOGY SAMPLE PAPERS FOR 2023 EXAMINATION
Geographic subdivision INDIA
942 ## - ADDED ENTRY ELEMENTS (KOHA)
Koha item type Books
Holdings
Withdrawn status Lost status Collection code Home library Current library Shelving location Date acquired Source of acquisition Cost, normal purchase price Full call number Accession Number Koha item type
    Reference Main Library Main Library SHELF-9 E XII BIOLOGY 12/11/2022 purchase 299.00 574 VEN/T 12749 Books